| 000 | 00795cam a2200253 4500 | ||
|---|---|---|---|
| 008 | 000000n2000 000 0 eng u | ||
| 020 | _a1851124233 | ||
| 035 | _a(Sirsi) u108230 | ||
| 050 | _a306.1 | ||
| 110 |
_aUnited Kingdom _bDepartment of the Environment, Transport and the Regions _93507 |
||
| 245 | _aCollecting, managing and using housing stock information: a good practice guide - Vol.1 an overview of the key principles | ||
| 260 |
_aLondon _bDETR _c2000 |
||
| 300 | _a42p. ; 30cm. | ||
| 350 | _a15.00 | ||
| 520 | _aFor volume 2 see ISBN 1851124241 | ||
| 650 | _aHOUSING STOCK | ||
| 650 | _aLOCAL AUTHORITY HOUSING | ||
| 650 | _aHOUSING SURVEYS | ||
| 650 | _aPUBLIC SECTOR HOUSING | ||
| 650 | _aDATA | ||
| 650 | _aASSET MANAGEMENT | ||
| 690 | _aHOUSING | ||
| 942 | _n0 | ||
| 999 |
_c100763 _d100763 |
||